Bundesliga Abschlusstabelle 2019/20 - Statistiken

Allgemein
  • Dieses Quiz wurde 47 mal gespielt
  • Das Durchschnittsergebnis liegt bei 10 aus 18
Antwortstatistiken
Platzierung Verein % Korrekt
2 Borussia Dortmund
100%
1 FC Bayern München
100%
3 RB Leipzig
100%
5 Bayer 04 Leverkusen
86%
4 Borussia Mönchengladbach
79%
6 TSG Hoffenheim
69%
12 FC Schalke 04
52%
7 VfL Wolfsburg
50%
14 1. FC Köln
48%
13 1. FSV Mainz 05
48%
9 Eintracht Frankfurt
48%
8 SC Freiburg
48%
15 FC Augsburg
45%
10 Hertha BSC
38%
16 Werder Bremen
38%
17 Fortuna Düsseldorf
36%
18 SC Paderborn 07
31%
11 1. FC Union Berlin
29%
Keine übereinstimmenden Quizze gefunden
Verteilung der Resultate
Anzahl Personen mit jedem Resultat
Perzentil nach korrekt beantworteten Fragen
Ihre Resultats-Entwicklung
Sie haben dieses Quiz noch nicht gespielt